000 01092nam a22002297a 4500
999 _c12668
_d12668
003 AR-CdUCM
008 190409b ||||| |||| 00| 0 spa d
040 _aMUNICIPALIDAD PROVINCIAL DEL CUSCO
_cBIBLIOTECA MUNICIPAL DEL CUSCO
041 _heng.
082 _a848.4 /
_bV53
100 _aVerne, Jules
_912072
245 _aObras completas de Julio Verne /
260 _aMéxico D.F :
_bEd. del Valle de México,
_c1965.
300 _a10 tomos ;
_bMapas, ilustraciones ,
_c23 cm.
505 _aContenido :t.1: El secretos de Wilhelm Storitz --t.2: Cinco semanas en globo --t.3: Los descubrimientos del Globo- Historia de los grandes viajes y de los grandes viajeros --t..4: Viaje al centro de la tierra --t.5: Dueño del mundo --t.6: El capitan atreras --t.7: Maravillosas Aventuras de Antifer --t.8: Un capitán de quince años --t.9: El doctor ox --t.10: La agencvia Thompson y Cia /
650 _aNovelas francesas
_9571
650 _aSiglo XIX
_9971
650 _aAdaptaciones
_91309
700 _aRomero, Manuel (editor)
_930637
942 _2ddc
_cLIBROS
945 _arjall
_d2019_04-09